Memorandum on reduction in cost of major construction projects (Record no. 414578)

000 -LEADER
fixed length control field 00364cam a22001097a 4500
008 - FIXED-LENGTH DATA ELEMENTS--GENERAL INFORMATION
fixed length control field 180718b1962 xxu||||| |||| 00| 0 eng d
082 ## - DEWEY DECIMAL CLASSIFICATION NUMBER
Classification number X24x54 In2 1962
245 ## - TITLE STATEMENT
Title Memorandum on reduction in cost of major construction projects
Statement of responsibility, etc. By Govt. of India
260 ## - PUBLICATION, DISTRIBUTION, ETC.
Place of publication, distribution, etc. New Delhi
Name of publisher, distributor, etc. Govt. of India
Date of publication, distribution, etc. 1962
300 ## - PHYSICAL DESCRIPTION
Extent 32p.
650 ## - SUBJECT ADDED ENTRY--TOPICAL TERM
Topical term or geographic name entry element Reduction in cost of major construction
Holdings
Withdrawn status Lost status Damaged status Not for loan Permanent Location Current Location Date acquired Full call number Barcode Date last seen Price effective from Koha item type
        Indian Institute of Public Administration Indian Institute of Public Administration 2009-02-25 X24x54 In2 1962 D186 2018-07-21 2018-07-21 D

Powered by Koha